No seasonal goodwill (Record no. 71903)

MARC details
000 -LEADER
fixed length control field 00927cam a2200205 4500
001 - CONTROL NUMBER
control field WB3901-25
008 - FIXED-LENGTH DATA ELEMENTS--GENERAL INFORMATION
fixed length control field 030109n2003 000 0 eng u
035 ## - SYSTEM CONTROL NUMBER
System control number (Sirsi) u120955
245 ## - TITLE STATEMENT
Title No seasonal goodwill
260 ## - PUBLICATION, DISTRIBUTION, ETC.
Date of publication, distribution, etc. 2003
490 ## - SERIES STATEMENT
Series statement Estates Gazette
Volume/sequential designation (0301) 4 January 2003, 64(1)
520 ## - SUMMARY, ETC.
Summary, etc. The recent case "R v London Rent Assessment Committee, ex parte Lester" [2002] 46 EG 199 (CS) confirms that under assured tenancies, proposed rent increases by landlords automatically take effect unless the tenant refers the matter to a rent assessment committee (RAC), and the RAC receives the reference within the time limit.
590 ## - LOCAL NOTE (RLIN)
Local note WB
650 ## - SUBJECT ADDED ENTRY--TOPICAL TERM
Topical term or geographic name entry element R V LONDON RENT ASSESSMENT COMMITTEE EX P LESTER
650 ## - SUBJECT ADDED ENTRY--TOPICAL TERM
Topical term or geographic name entry element TIME LIMITS
650 ## - SUBJECT ADDED ENTRY--TOPICAL TERM
Topical term or geographic name entry element HOUSING ACT 1988 S13
650 ## - SUBJECT ADDED ENTRY--TOPICAL TERM
Topical term or geographic name entry element ASSURED TENANCIES
690 ## - LOCAL SUBJECT ADDED ENTRY--TOPICAL TERM (OCLC, RLIN)
Topical term or geographic name as entry element PROPERTY-RESIDENTIAL PROPERTY-RESIDENTIAL LANDLORD AND TENANT-RESIDENTIAL TENANCIES
942 ## - ADDED ENTRY ELEMENTS (KOHA)
Suppress in OPAC 0
Holdings
Withdrawn status Lost status Source of classification or shelving scheme Damaged status Not for loan Home library Current library Shelving location Date acquired Total Checkouts Full call number Barcode Date last seen Copy number Price effective from Koha item type
    Dewey Decimal Classification     London London News article 09/01/2003   WB3901-25 120955-1001 06/08/2019 1 06/08/2019 News article